01558cam a22004214i 4500003000900000005001700009008004100026020001800067035002000085040003300105041001300138082002400151100002900175245015200204264003800356300004500394336002100439337002500460338002300485490006900508504004100577504003400618505027600652526001000928526001000938526001000948526001000958526000800968526000800976526000800984526000800992526000801000526000801008526000801016541001301024650004801037650005101085PE-LiUPU20250731173055.0180509s1999 ne rb 001 0 eng d a9789004114036 a(Sirsi) a241518 aPE-LiUPUbspacPE-LiUPUerda1 aengafre04a274.436106bT272211 aTaylor, Larissa,eautor.10aHeresy and orthodoxy in sixteenth-century Paris :bFrançois Le Picart and the beginnings of the Catholic Reformation /cby Larissa Juliet Taylor. 1aLeiden ;aBoston :bBrill,c1999. axvii, 332 páginas ;c25 centímetros. atext2rdacontent aunmediated2rdamedia avolume2rdacarrier0 aStudies in medieval and Reformation thought,x0585-6914 ;vv. 77 aBibliografía : páginas 311-322. aÍndice : páginas 323-332.0 aThe Sources -- Early Life, 1504-1533 -- The Defining Moment, 1533-1534 -- The Faith Embattled -- Friend of the Society -- 6.tCatholic Reform --gCh. 7.tAvant le deluge: The Prophet of Paris? --gCh. 8.tEndings and Beginnings --gApp. A.tEpistre -- App. B. -- Sermons. aSEG42 aSEG41 aSEG40 aSEG39 aP94 aP87 aP86 aP85 aP77 aP76 aP35 20180305;04aRoman Catholic ChurchzParisy16th century.04aglesia Católica RomanazParísy siglo XVI.